[Event "Gausdal Classics IM-B"]
[Site "Gausdal NOR"]
[Date "2005.04.15"]
[Round "3.3"]
[White "Saevareid, Ove"]
[Black "Siebrecht, Sebastian"]
[Result "0-1"]
[WhiteElo "2206"]
[BlackElo "2438"]
[PlyCount "68"]
[EventDate "2005.04.14"]
[EventType "tourn"]
[EventRounds "9"]
[EventCountry "NOR"]
[EventCategory "2"]
[Source "lmi"]
[SourceDate "2005.04.22"]

1. c4 Nf6 2. g3 c6 3. Bg2 d5 4. Nf3 Bg4 5. Ne5 Be6 6. cxd5 Bxd5 7. Nf3 c5 8.
O-O e6 9. Nc3 Bc6 10. Qc2 Nbd7 11. Rd1 b5 12. d3 Qb6 13. b3 Be7 14. Bb2 O-O 15.
Rac1 Rac8 16. Ne1 Bxg2 17. Nxg2 Ng4 18. h3 Nge5 19. Ne4 Nc6 20. Nf4 Nb4 21. Qb1
e5 22. Ng2 Qe6 23. Kh2 f5 24. Nd2 Bg5 25. f3 Qh6 26. Bc3 Nd5 27. Qc2 Be3 28.
Rb1 Bd4 29. Ba1 Nb4 30. Qc1 Nxa2 31. Qa3 Nb4 32. Bxd4 exd4 33. Qxa7 Qc6 34. Qa3
Rfe8 0-1

[Event "Gausdal Classics IM-B"]
[Site "Gausdal NOR"]
[Date "2005.04.15"]
[Round "3.4"]
[White "Hartvig, Ove W"]
[Black "Arsenault, Nicolas"]
[Result "1/2-1/2"]
[WhiteElo "2246"]
[BlackElo "2159"]
[PlyCount "111"]
[EventDate "2005.04.14"]
[EventType "tourn"]
[EventRounds "9"]
[EventCountry "NOR"]
[EventCategory "2"]
[Source "lmi"]
[SourceDate "2005.04.22"]

1. e4 e6 2. d4 d5 3. Nc3 Nf6 4. e5 Nfd7 5. Nce2 c5 6. c3 Nc6 7. f4 Qb6 8. Nf3
Be7 9. a3 cxd4 10. cxd4 O-O 11. h4 f6 12. Rh3 fxe5 13. fxe5 Ndxe5 14. dxe5 Nxe5
15. Nxe5 Qf2+ 16. Kd2 Qxf1 17. Qxf1 Rxf1 18. b4 Bf6 19. Bb2 Rf5 20. Nd3 Bxb2
21. Nxb2 e5 22. Rc3 Bd7 23. Nd3 Re8 24. Nc5 Bc6 25. Rf3 Rh5 26. Rh1 d4 27. Rg3
Rf5 28. h5 Rf2 29. Rh4 Rxg2 30. Rxg2 Bxg2 31. Ng3 Rf8 32. Nce4 Bf1 33. Nxf1
Rxf1 34. Rg4 Rf3 35. Nc5 Rxa3 36. Nxb7 Rb3 37. Nc5 Rxb4 38. Nd3 Rb5 39. h6 g6
40. Re4 Kf7 41. Nxe5+ Kf6 42. Ng4+ Kg5 43. Rxd4 a5 44. Ra4 Rb4 45. Rxa5+ Kxg4
46. Ra7 Kg5 47. Rxh7 Rh4 48. Ke3 Rxh6 49. Ra7 Rh3+ 50. Kf2 Rb3 51. Kg2 Kg4 52.
Ra4+ Kh5 53. Ra5+ g5 54. Ra4 g4 55. Ra5+ Kh4 56. Ra2 1/2-1/2

[Event "Gausdal Classics IM-B"]
[Site "Gausdal NOR"]
[Date "2005.04.15"]
[Round "3.5"]
[White "Schoelseth, Tor Kristian"]
[Black "Jakubowski, Krzysztof"]
[Result "0-1"]
[WhiteElo "2213"]
[BlackElo "2479"]
[PlyCount "154"]
[EventDate "2005.04.14"]
[EventType "tourn"]
[EventRounds "9"]
[EventCountry "NOR"]
[EventCategory "2"]
[Source "lmi"]
[SourceDate "2005.04.22"]

1. d4 d5 2. Nf3 Nf6 3. c4 e6 4. g3 dxc4 5. Bg2 Nc6 6. Qa4 Bb4+ 7. Bd2 Nd5 8.
Qc2 Nb6 9. Bxb4 Nxb4 10. Qc1 Bd7 11. a3 N4d5 12. Nbd2 Bb5 13. Ne5 Rc8 14. Ne4
f6 15. Nf3 Qe7 16. Nc5 e5 17. Nxb7 e4 18. Nh4 Bd7 19. Nc5 g5 20. Bxe4 gxh4 21.
Qh6 c6 22. Qh5+ Qf7 23. Qxh4 O-O 24. O-O f5 25. Bf3 Qf6 26. Qxf6 Rxf6 27. e3
Be8 28. Rfc1 Bf7 29. a4 a5 30. Be2 Nb4 31. Rc3 Re8 32. Nb7 Ra8 33. Nc5 Ra7 34.
Rd1 Bd5 35. h4 Re7 36. Kh2 Re8 37. Kg1 Re7 38. Rcc1 Rc7 39. Rc3 h6 40. Kh2 Re7
41. Kg1 Rd6 42. Kf1 Kf8 43. Ke1 Ke8 44. Kd2 Kd8 45. Bf1 Kc7 46. Rcc1 Rd8 47.
Kc3 Nc8 48. Bxc4 Bxc4 49. Kxc4 Kb6 50. Kc3 Nd6 51. Kd2 Ne4+ 52. Ke2 Nxc5 53.
Rxc5 f4 54. gxf4 Rxd4 55. Rh5 Rxf4 56. Rxh6 Rc4 57. Rd8 Ree4 58. h5 Rh4 59. Kf3
Rh3+ 60. Kg2 Rch4 61. Rd4 Rxh5 62. Rxh5 Rxh5 63. e4 Kc5 64. Rd8 Rh4 65. f3 Kc4
66. Ra8 Nd3 67. Rxa5 Nxb2 68. Ra8 c5 69. a5 Nd3 70. a6 Rh7 71. a7 Nb4 72. e5
Nc6 73. f4 Nxa7 74. Rd8 Nc6 75. Rd6 Nd4 76. Rf6 Kd5 77. e6 Re7 0-1

[Event "Gausdal Classics IM-B"]
[Site "Gausdal NOR"]
[Date "2005.04.16"]
[Round "4.1"]
[White "Niemi, Kalle"]
[Black "Jakubowski, Krzysztof"]
[Result "0-1"]
[WhiteElo "2247"]
[BlackElo "2479"]
[PlyCount "50"]
[EventDate "2005.04.14"]
[EventType "tourn"]
[EventRounds "9"]
[EventCountry "NOR"]
[EventCategory "2"]
[Source "lmi"]
[SourceDate "2005.04.22"]

1. e4 c5 2. Nf3 d6 3. d4 cxd4 4. Nxd4 Nf6 5. f3 Nc6 6. c4 e5 7. Nc2 Nh5 8. Be3
Be7 9. Qd2 f5 10. exf5 Bxf5 11. Bd3 Bxd3 12. Qxd3 Nf4 13. Qd2 d5 14. Bxf4 exf4
15. cxd5 Bh4+ 16. Kf1 Ne5 17. Qxf4 Qxd5 18. Qxh4 O-O 19. Qd4 Qb5+ 20. Kg1 Nxf3+
21. gxf3 Rxf3 22. Ne3 Qg5+ 23. Ng4 Rf4 24. Qxf4 Qxf4 25. Nf2 Rf8 0-1

[Event "Gausdal Classics IM-B"]
[Site "Gausdal NOR"]
[Date "2005.04.16"]
[Round "4.2"]
[White "Arsenault, Nicolas"]
[Black "Schoelseth, Tor Kristian"]
[Result "1-0"]
[WhiteElo "2159"]
[BlackElo "2213"]
[PlyCount "69"]
[EventDate "2005.04.14"]
[EventType "tourn"]
[EventRounds "9"]
[EventCountry "NOR"]
[EventCategory "2"]
[Source "lmi"]
[SourceDate "2005.04.22"]

1. e4 c5 2. Nf3 d6 3. d4 cxd4 4. Nxd4 Nf6 5. Nc3 g6 6. Be3 Bg7 7. f3 O-O 8. Qd2
Nc6 9. O-O-O d5 10. exd5 Nxd5 11. Nxc6 bxc6 12. Bd4 e5 13. Bc5 Rb8 14. Bc4 Qc7
15. Bxf8 Bxf8 16. Nxd5 cxd5 17. Bxd5 Qb6 18. Bb3 Be6 19. Rhe1 Bg7 20. Qd6 Qb5
21. Qe7 Qb6 22. Qd6 Qb7 23. Rxe5 Bxe5 24. Qxe5 Bxb3 25. axb3 Rc8 26. Qd6 Rc6
27. Qd8+ Kg7 28. Qd4+ Kh6 29. Qf4+ Kg7 30. Qe5+ Kh6 31. Rd4 f6 32. Qe3+ g5 33.
h4 Qb5 34. hxg5+ fxg5 35. Rh4+ 1-0

[Event "Gausdal Classics IM-B"]
[Site "Gausdal NOR"]
[Date "2005.04.16"]
[Round "4.3"]
[White "Siebrecht, Sebastian"]
[Black "Hartvig, Ove W"]
[Result "1-0"]
[WhiteElo "2438"]
[BlackElo "2246"]
[PlyCount "87"]
[EventDate "2005.04.14"]
[EventType "tourn"]
[EventRounds "9"]
[EventCountry "NOR"]
[EventCategory "2"]
[Source "lmi"]
[SourceDate "2005.04.22"]

1. d4 Nf6 2. Nf3 c5 3. d5 e6 4. Nc3 Nxd5 5. Nxd5 exd5 6. Qxd5 Be7 7. e4 Nc6 8.
c3 O-O 9. Bc4 d6 10. Qh5 Be6 11. Bxe6 fxe6 12. Qg4 Qd7 13. Bh6 Bf6 14. O-O-O
Rad8 15. Rhe1 Qf7 16. Bg5 d5 17. e5 Be7 18. Bxe7 Qxe7 19. Ng5 Rfe8 20. f4 h6
21. Nh3 b5 22. Rd3 b4 23. Qg6 bxc3 24. Rxc3 Nb4 25. Kb1 c4 26. Nf2 Qf7 27.
Qxf7+ Kxf7 28. b3 Rb8 29. Ka1 cxb3 30. axb3 Rb6 31. Kb2 Re7 32. Ra1 Rd7 33. Rc8
Nc6 34. Nd3 Nd4 35. b4 Rdb7 36. Kc3 Nc6 37. Nc5 d4+ 38. Kd2 Ne7 39. Rd8 Rb8 40.
Rd7 Rxb4 41. Raxa7 Kg8 42. Rxe7 Rb2+ 43. Kd3 Rxg2 44. Nxe6 1-0

[Event "Gausdal Classics IM-B"]
[Site "Gausdal NOR"]
[Date "2005.04.16"]
[Round "4.4"]
[White "Loeffler, Stefan"]
[Black "Saevareid, Ove"]
[Result "1-0"]
[WhiteElo "2429"]
[BlackElo "2206"]
[PlyCount "103"]
[EventDate "2005.04.14"]
[EventType "tourn"]
[EventRounds "9"]
[EventCountry "NOR"]
[EventCategory "2"]
[Source "lmi"]
[SourceDate "2005.04.22"]

1. d4 d5 2. c4 e6 3. Nf3 Nf6 4. Bg5 Be7 5. Nc3 h6 6. Bxf6 Bxf6 7. e3 c6 8. Qd2
Nd7 9. e4 dxe4 10. Nxe4 Be7 11. Bd3 b6 12. O-O Bb7 13. c5 bxc5 14. dxc5 Nxc5
15. Nxc5 Bxc5 16. Qc3 Be7 17. Ba6 Bf6 18. Qc5 Qc7 19. Bxb7 Qxb7 20. Rac1 Rc8
21. b4 Be7 22. Qe5 O-O 23. Rc4 Bf6 24. Qe3 Rfd8 25. Rfc1 Qa6 26. h4 Rd5 27. Qb3
Qb7 28. Qa4 Rb5 29. a3 a6 30. Qc2 Rb6 31. Qe4 Qd7 32. Nd4 Bxd4 33. Rxd4 Qb7 34.
Rcd1 Qb8 35. Rd7 Rb7 36. Qf3 Rxd7 37. Rxd7 Rf8 38. Qxc6 Qf4 39. g3 Qe5 40. Qxa6
Qe1+ 41. Qf1 Qc3 42. Qd3 Qb2 43. b5 e5 44. a4 Qb4 45. Ra7 e4 46. Qe3 Rd8 47.
Kh2 Rd3 48. Qb6 Rf3 49. Kg2 Qd2 50. Re7 Qe2 51. Qd4 f6 52. Qd5+ 1-0

[Event "Gausdal Classics IM-B"]
[Site "Gausdal NOR"]
[Date "2005.04.16"]
[Round "4.5"]
[White "Bentsen, Oyvind"]
[Black "Silseth, Simon"]
[Result "1/2-1/2"]
[WhiteElo "2185"]
[BlackElo "2310"]
[PlyCount "86"]
[EventDate "2005.04.14"]
[EventType "tourn"]
[EventRounds "9"]
[EventCountry "NOR"]
[EventCategory "2"]
[Source "lmi"]
[SourceDate "2005.04.22"]

1. e4 e5 2. Nf3 d6 3. Bc4 Be7 4. d3 Nf6 5. Bg5 c6 6. c3 O-O 7. Bb3 Nbd7 8. Nbd2
Nc5 9. Bc2 Ne6 10. Be3 Ng4 11. O-O Nxe3 12. fxe3 g6 13. Kh1 f6 14. Qe2 a5 15.
d4 Qc7 16. a4 Kg7 17. Qf2 Bd7 18. Qg3 Rab8 19. Nh4 Ng5 20. Nhf3 Nf7 21. Nh4 Ng5
22. Nhf3 Nxf3 23. Nxf3 b5 24. axb5 Rxb5 25. b3 c5 26. Nh4 cxd4 27. c4 Rb4 28.
exd4 a4 29. Nf5+ Bxf5 30. exf5 axb3 31. Bxb3 Rfb8 32. Bd1 Qxc4 33. Bh5 Qb3 34.
Bf3 Qd3 35. fxg6 hxg6 36. dxe5 dxe5 37. Qf2 Rb1 38. Be2 Rxf1+ 39. Rxf1 Qa3 40.
Bf3 Rb2 41. Qg3 Bc5 42. Rd1 Qe3 43. Qh3 Bd4 1/2-1/2

[Event "Gausdal Classics IM-B"]
[Site "Gausdal NOR"]
[Date "2005.04.17"]
[Round "5.1"]
[White "Silseth, Simon"]
[Black "Niemi, Kalle"]
[Result "1-0"]
[WhiteElo "2310"]
[BlackElo "2247"]
[PlyCount "123"]
[EventDate "2005.04.14"]
[EventType "tourn"]
[EventRounds "9"]
[EventCountry "NOR"]
[EventCategory "2"]
[Source "lmi"]
[SourceDate "2005.04.22"]

1. e4 c5 2. Nc3 Nc6 3. g3 g6 4. Bg2 Bg7 5. d3 d6 6. Be3 Rb8 7. Qd2 b5 8. Nf3 b4
9. Nd1 Nd4 10. Bxd4 cxd4 11. O-O e6 12. a3 a5 13. axb4 axb4 14. b3 Ne7 15. Nb2
O-O 16. Ra4 Nc6 17. Rfa1 Bb7 18. Nc4 Ra8 19. Qf4 e5 20. Qd2 h6 21. h4 f5 22.
Rxa8 Bxa8 23. Nh2 Bb7 24. Ra4 Bc8 25. Ra8 fxe4 26. dxe4 Qc7 27. Nf1 Be6 28.
Rxf8+ Bxf8 29. Nb2 Qa5 30. Nd3 Kh7 31. Kh2 h5 32. Bh3 Bxh3 33. Kxh3 Bh6 34. Qe2
Qd8 35. Kg2 Qc7 36. g4 Qd7 37. g5 Bg7 38. Nd2 Qe6 39. Qf3 Kg8 40. Nc4 Kh7 41.
Qh3 Qe7 42. Qc8 Nd8 43. Nxb4 Ne6 44. Nd5 Nf4+ 45. Nxf4 exf4 46. Nd2 Qe5 47. b4
d5 48. Nf3 Qd6 49. e5 Bxe5 50. b5 Bg7 51. Qc6 Qf8 52. Qe6 Qb8 53. b6 Qb7 54.
Qd6 Qc8 55. Qxf4 Qd7 56. Nxd4 Qe7 57. Nc6 Qd7 58. Nd8 Qe7 59. b7 Be5 60. Qf7+
Qxf7 61. Nxf7 Bc7 62. Nd8 1-0

[Event "Gausdal Classics IM-B"]
[Site "Gausdal NOR"]
[Date "2005.04.17"]
[Round "5.2"]
[White "Saevareid, Ove"]
[Black "Bentsen, Oyvind"]
[Result "1/2-1/2"]
[WhiteElo "2206"]
[BlackElo "2185"]
[PlyCount "34"]
[EventDate "2005.04.14"]
[EventType "tourn"]
[EventRounds "9"]
[EventCountry "NOR"]
[EventCategory "2"]
[Source "lmi"]
[SourceDate "2005.04.22"]

1. c4 e5 2. g3 Nf6 3. Bg2 d5 4. cxd5 Nxd5 5. Nf3 Nc6 6. O-O Be7 7. d4 exd4 8.
Nxd4 Nxd4 9. Qxd4 Nf6 10. Qxd8+ Bxd8 11. b4 c6 12. Bb2 Be7 13. Bc3 O-O 14. Rd1
Be6 15. a3 Nd5 16. Bb2 Rfd8 17. Nc3 Nxc3 1/2-1/2

[Event "Gausdal Classics IM-B"]
[Site "Gausdal NOR"]
[Date "2005.04.17"]
[Round "5.3"]
[White "Schoelseth, Tor Kristian"]
[Black "Siebrecht, Sebastian"]
[Result "0-1"]
[WhiteElo "2213"]
[BlackElo "2438"]
[PlyCount "88"]
[EventDate "2005.04.14"]
[EventType "tourn"]
[EventRounds "9"]
[EventCountry "NOR"]
[EventCategory "2"]
[Source "lmi"]
[SourceDate "2005.04.22"]

1. d4 Nf6 2. c4 e6 3. g3 c5 4. Nf3 cxd4 5. Nxd4 Bb4+ 6. Bd2 Bc5 7. Nb3 Be7 8.
Nc3 Nc6 9. Rc1 b6 10. Bg2 Bb7 11. Nd4 Qc8 12. Nf3 Ne5 13. b3 Bxf3 14. Bxf3
Nxf3+ 15. exf3 Qb7 16. O-O O-O 17. Bg5 h6 18. Bxf6 Bxf6 19. Qd3 Rfd8 20. Rfd1
Rac8 21. f4 Qa6 22. Ne4 Be7 23. Qb1 Ba3 24. Rc2 d5 25. cxd5 exd5 26. Rcd2 Qb7
27. Rd3 Bb4 28. a3 Bxa3 29. Nc3 d4 30. b4 a5 31. bxa5 Be7 32. Ne2 Bc5 33. axb6
Bxb6 34. Nxd4 Rd6 35. Nf3 Bxf2+ 36. Kxf2 Qxb1 37. Rxb1 Rxd3 38. Rb2 Rdc3 39.
Re2 Rc2 40. Nd4 Rxe2+ 41. Kxe2 Ra8 42. h3 Ra4 43. Nf5 h5 44. Kf3 f6 0-1

[Event "Gausdal Classics IM-B"]
[Site "Gausdal NOR"]
[Date "2005.04.17"]
[Round "5.4"]
[White "Hartvig, Ove W"]
[Black "Loeffler, Stefan"]
[Result "0-1"]
[WhiteElo "2246"]
[BlackElo "2429"]
[PlyCount "32"]
[EventDate "2005.04.14"]
[EventType "tourn"]
[EventRounds "9"]
[EventCountry "NOR"]
[EventCategory "2"]
[Source "lmi"]
[SourceDate "2005.04.22"]

1. e4 e6 2. d4 d5 3. Nc3 dxe4 4. Nxe4 Qd5 5. Qd3 Nc6 6. c3 e5 7. dxe5 Qxd3 8.
Bxd3 Nxe5 9. Bc2 Ne7 10. f4 N5c6 11. Nf3 Bf5 12. O-O O-O-O 13. Nfg5 Bg6 14. g4
h6 15. Nf3 f5 16. Nh4 fxe4 0-1

[Event "Gausdal Classics IM-B"]
[Site "Gausdal NOR"]
[Date "2005.04.17"]
[Round "5.5"]
[White "Jakubowski, Krzysztof"]
[Black "Arsenault, Nicolas"]
[Result "1-0"]
[WhiteElo "2479"]
[BlackElo "2159"]
[PlyCount "59"]
[EventDate "2005.04.14"]
[EventType "tourn"]
[EventRounds "9"]
[EventCountry "NOR"]
[EventCategory "2"]
[Source "lmi"]
[SourceDate "2005.04.22"]

1. e4 e6 2. d4 d5 3. Nc3 Nf6 4. Bg5 Bb4 5. e5 h6 6. Be3 Ne4 7. Qg4 g6 8. a3
Bxc3+ 9. bxc3 Nxc3 10. f3 b6 11. Bd2 Na4 12. h4 Ba6 13. Bxa6 Nxa6 14. h5 g5 15.
f4 gxf4 16. Qg7 Kd7 17. Qxf7+ Qe7 18. Qxe7+ Kxe7 19. Nf3 c5 20. c3 Rhg8 21. Nh4
Rg3 22. Bxf4 Rxc3 23. Bxh6 cxd4 24. O-O Rg8 25. Ng6+ Ke8 26. Rf6 N6c5 27. Raf1
Ne4 28. Rxe6+ Kd7 29. Re7+ Kc6 30. Rxa7 1-0

[Event "Gausdal Classics IM-B"]
[Site "Gausdal NOR"]
[Date "2005.04.18"]
[Round "6.1"]
[White "Niemi, Kalle"]
[Black "Arsenault, Nicolas"]
[Result "1-0"]
[WhiteElo "2247"]
[BlackElo "2159"]
[PlyCount "61"]
[EventDate "2005.04.14"]
[EventType "tourn"]
[EventRounds "9"]
[EventCountry "NOR"]
[EventCategory "2"]
[Source "lmi"]
[SourceDate "2005.04.22"]

1. e4 e6 2. d4 d5 3. Nc3 Nf6 4. Bg5 Bb4 5. e5 h6 6. Bd2 Bxc3 7. bxc3 Ne4 8. Qg4
g6 9. Qf4 c5 10. Bd3 Nxd2 11. Qxd2 Nc6 12. Nf3 Qa5 13. dxc5 Qxc5 14. O-O Bd7
15. Rab1 b6 16. Ba6 Rd8 17. Rfe1 Kf8 18. Qf4 Qe7 19. h4 Kg7 20. h5 g5 21. Qg3
Nb8 22. Bd3 Rc8 23. Rb4 Rxc3 24. Rg4 Kf8 25. Re3 Nc6 26. Nxg5 hxg5 27. Rxg5 d4
28. Rf3 Qa3 29. Qf4 Qe7 30. h6 Rxh6 31. Rfg3 1-0

[Event "Gausdal Classics IM-B"]
[Site "Gausdal NOR"]
[Date "2005.04.18"]
[Round "6.2"]
[White "Siebrecht, Sebastian"]
[Black "Jakubowski, Krzysztof"]
[Result "1/2-1/2"]
[WhiteElo "2438"]
[BlackElo "2439"]
[PlyCount "119"]
[EventDate "2005.04.14"]
[EventType "tourn"]
[EventRounds "9"]
[EventCountry "NOR"]
[EventCategory "2"]
[Source "lmi"]
[SourceDate "2005.04.22"]

1. Nf3 c5 2. c4 Nc6 3. Nc3 e5 4. g3 g6 5. a3 Bg7 6. Rb1 Nge7 7. d3 a5 8. Bg2
O-O 9. O-O d6 10. Ne1 Be6 11. Nc2 d5 12. cxd5 Nxd5 13. Ne4 b6 14. Ng5 Bg4 15.
h3 Bc8 16. Ne3 Nde7 17. Bd2 h6 18. Ne4 Rb8 19. Nc2 a4 20. Nc3 Be6 21. Qc1 Nd4
22. f4 Nb3 23. Qe1 Nxd2 24. Qxd2 exf4 25. Qxf4 Bb3 26. Na1 Nd5 27. Nxd5 Bxd5
28. Qxa4 b5 29. Qc2 Bd4+ 30. Kh2 h5 31. Nb3 Bxb3 32. Qxb3 h4 33. g4 Qc7+ 34.
Kh1 Rbe8 35. e4 Rb8 36. Qd5 Qe5 37. b4 Rbd8 38. Qxe5 Bxe5 39. bxc5 Rxd3 40.
Rxb5 Rxa3 41. c6 Re8 42. Rc5 Re7 43. Rd1 Bc7 44. Rcd5 Kf8 45. R1d3 Rxd3 46.
Rxd3 Re6 47. Rc3 Rd6 48. Kg1 Rd2 49. Kf1 Ke7 50. Bf3 Ke6 51. Rc5 Kd6 52. Rd5+
Rxd5 53. exd5 g5 54. Ke2 Bb6 55. Kd3 Ke5 56. Kc4 Kd6 57. Kb5 Bd8 58. Ka6 Bc7
59. Kb7 Bd8 60. Kc8 1/2-1/2

[Event "Gausdal Classics IM-B"]
[Site "Gausdal NOR"]
[Date "2005.04.18"]
[Round "6.4"]
[White "Bentsen, Oyvind"]
[Black "Hartvig, Ove W"]
[Result "0-1"]
[WhiteElo "2185"]
[BlackElo "2246"]
[PlyCount "72"]
[EventDate "2005.04.14"]
[EventType "tourn"]
[EventRounds "9"]
[EventCountry "NOR"]
[EventCategory "2"]
[Source "lmi"]
[SourceDate "2005.04.22"]

1. e4 c5 2. Nf3 d6 3. d4 cxd4 4. Nxd4 Nf6 5. Nc3 g6 6. Be3 Bg7 7. f3 O-O 8. Qd2
Nc6 9. O-O-O d5 10. exd5 Nxd5 11. Nxc6 bxc6 12. Nxd5 cxd5 13. Qxd5 Qc7 14. Qc5
Qb7 15. Bd4 Bf5 16. Bd3 Rfc8 17. Qa3 Bxd3 18. Rxd3 e5 19. Bc3 Rab8 20. Rhd1 Bf8
21. Qb3 Qa6 22. Qd5 Rc5 23. Qe4 Qxa2 24. Kd2 f5 25. Qh4 Qe6 26. Ke2 Rc4 27. Qg3
Re8 28. Rd7 Rd4 29. Rxa7 Qc4+ 30. Ke1 Rxd1+ 31. Kxd1 Qf1+ 32. Qe1 Rd8+ 33. Bd2
Qxg2 34. Kc1 Rxd2 35. Qxe5 Rxc2+ 36. Kb1 Rxb2+ 0-1

[Event "Gausdal Classics IM-B"]
[Site "Gausdal NOR"]
[Date "2005.04.18"]
[Round "6.5"]
[White "Silseth, Simon"]
[Black "Saevareid, Ove"]
[Result "1-0"]
[WhiteElo "2310"]
[BlackElo "2206"]
[PlyCount "73"]
[EventDate "2005.04.14"]
[EventType "tourn"]
[EventRounds "9"]
[EventCountry "NOR"]
[EventCategory "2"]
[Source "lmi"]
[SourceDate "2005.04.22"]

1. c4 e6 2. Nc3 d5 3. d4 Be7 4. Nf3 Nf6 5. Bg5 h6 6. Bh4 O-O 7. e3 Ne4 8. Bxe7
Qxe7 9. Bd3 Nxc3 10. bxc3 Nc6 11. cxd5 exd5 12. h3 b6 13. O-O Bb7 14. Qa4 Rfd8
15. Rae1 Na5 16. Ne5 c5 17. Qd1 Qf6 18. f4 Re8 19. Qh5 Re7 20. Ng4 Qd6 21. Qf5
Qg6 22. Qxg6 fxg6 23. Bxg6 cxd4 24. exd4 Rc7 25. Rf3 Nc4 26. Bf5 Kh8 27. Be6
Re8 28. f5 Nd6 29. Rfe3 h5 30. Ne5 Kh7 31. g4 Nc4 32. Nxc4 Rxc4 33. f6 Rf8 34.
f7 Ra4 35. gxh5 Kh6 36. Bd7 Rxa2 37. Rf3 1-0

[Event "Gausdal Classics IM-B"]
[Site "Gausdal NOR"]
[Date "2005.04.19"]
[Round "7.1"]
[White "Saevareid, Ove"]
[Black "Niemi, Kalle"]
[Result "1-0"]
[WhiteElo "2206"]
[BlackElo "2247"]
[PlyCount "89"]
[EventDate "2005.04.14"]
[EventType "tourn"]
[EventRounds "9"]
[EventCountry "NOR"]
[EventCategory "2"]
[Source "lmi"]
[SourceDate "2005.04.22"]

1. c4 c5 2. g3 Nc6 3. Bg2 g6 4. Nc3 Bg7 5. Nf3 e5 6. O-O d6 7. d3 Nge7 8. a3 a5
9. Ne1 Be6 10. Bg5 f6 11. Be3 Rb8 12. Rb1 O-O 13. Nc2 Qd7 14. b4 axb4 15. axb4
b6 16. Bd2 Bh3 17. b5 Nd4 18. Ne3 Bxg2 19. Kxg2 f5 20. Ned5 f4 21. Nxe7+ Qxe7
22. f3 h5 23. Be1 g5 24. Bf2 Nf5 25. g4 hxg4 26. fxg4 Nh6 27. h3 Qd7 28. Kf3
e4+ 29. Nxe4 Nf7 30. Kg2 Ne5 31. Nxg5 Nxg4 32. e4 f3+ 33. Nxf3 Rf6 34. Qe2 Nxf2
35. Rxf2 Rbf8 36. Rbf1 Rg6+ 37. Kh2 Rh6 38. Ng5 Be5+ 39. Kg2 Rxf2+ 40. Rxf2 Rg6
41. Qh5 Qg7 42. h4 Bf6 43. Rf5 Kf8 44. Qxg6 Qxg6 45. Rxf6+ 1-0

[Event "Gausdal Classics IM-B"]
[Site "Gausdal NOR"]
[Date "2005.04.19"]
[Round "7.2"]
[White "Hartvig, Ove W"]
[Black "Silseth, Simon"]
[Result "1/2-1/2"]
[WhiteElo "2246"]
[BlackElo "2310"]
[PlyCount "106"]
[EventDate "2005.04.14"]
[EventType "tourn"]
[EventRounds "9"]
[EventCountry "NOR"]
[EventCategory "2"]
[Source "lmi"]
[SourceDate "2005.04.22"]

1. e4 e5 2. Nc3 Nf6 3. f4 d5 4. fxe5 Nxe4 5. d3 Nxc3 6. bxc3 Bf5 7. Nf3 Be7 8.
Rb1 b6 9. Be2 O-O 10. O-O c5 11. Qe1 Nc6 12. Qg3 Bg6 13. Bf4 f6 14. e6 Qc8 15.
Nh4 Qxe6 16. Bf3 Rad8 17. Nxg6 hxg6 18. Qxg6 Qf7 19. Qxf7+ Kxf7 20. Rbe1 f5 21.
c4 Nb4 22. Bh5+ g6 23. Bxg6+ Kxg6 24. Rxe7 Nc6 25. Re6+ Rf6 26. Rxf6+ Kxf6 27.
h4 Kg6 28. g4 fxg4 29. Bg5 Rd6 30. cxd5 Nd4 31. c4 Nf3+ 32. Kg2 Nxg5 33. hxg5
Kxg5 34. Rf7 a6 35. Kg3 Rh6 36. Rg7+ Kf5 37. Rf7+ Ke5 38. Kxg4 Rg6+ 39. Kf3 Kd4
40. Ke2 Rg2+ 41. Rf2 Rg3 42. Rf4+ Kc3 43. Rf3 Rg4 44. Rf6 b5 45. Rxa6 bxc4 46.
dxc4 Re4+ 47. Kf3 Rxc4 48. Ra3+ Kc2 49. Ra5 Kd3 50. a4 Kd4 51. d6 Ke5 52. d7
Rd4 53. Rxc5+ Ke6 1/2-1/2

[Event "Gausdal Classics IM-B"]
[Site "Gausdal NOR"]
[Date "2005.04.19"]
[Round "7.3"]
[White "Schoelseth, Tor Kristian"]
[Black "Bentsen, Oyvind"]
[Result "0-1"]
[WhiteElo "2213"]
[BlackElo "2185"]
[PlyCount "68"]
[EventDate "2005.04.14"]
[EventType "tourn"]
[EventRounds "9"]
[EventCountry "NOR"]
[EventCategory "2"]
[Source "lmi"]
[SourceDate "2005.04.22"]

1. d4 Nf6 2. c4 g6 3. Nc3 Bg7 4. e4 d6 5. f4 O-O 6. Nf3 c5 7. d5 e6 8. Be2 exd5
9. cxd5 Re8 10. e5 dxe5 11. fxe5 Ng4 12. Bg5 Qb6 13. O-O Nxe5 14. Nxe5 Bxe5 15.
Bc4 Qxb2 16. d6 Rf8 17. Nb5 Bf5 18. Rc1 Nd7 19. Kh1 Bf6 20. Bf4 Nb6 21. Nc7
Rad8 22. Bd5 Nxd5 23. Nxd5 b6 24. Nxf6+ Qxf6 25. Qa4 Qb2 26. Rce1 Bd7 27. Qe4
Bf5 28. Qe7 Rd7 29. Qh4 f6 30. Qh6 Qxa2 31. Re7 Rxe7 32. dxe7 Re8 33. Re1 Qf7
34. Bd6 c4 0-1

[Event "Gausdal Classics IM-B"]
[Site "Gausdal NOR"]
[Date "2005.04.19"]
[Round "7.4"]
[White "Jakubowski, Krzysztof"]
[Black "Loeffler, Stefan"]
[Result "1-0"]
[WhiteElo "2439"]
[BlackElo "2419"]
[PlyCount "76"]
[EventDate "2005.04.14"]
[EventType "tourn"]
[EventRounds "9"]
[EventCountry "NOR"]
[EventCategory "2"]
[Source "lmi"]
[SourceDate "2005.04.22"]

1. d4 d5 2. c4 e6 3. Nc3 Bb4 4. Nf3 dxc4 5. e4 b5 6. a4 c6 7. Bd2 Nf6 8. e5 Nd5
9. Ng5 O-O 10. Qc2 f5 11. exf6 Nxf6 12. Be2 Qe7 13. O-O Bb7 14. Bg4 h6 15.
Bxe6+ Kh8 16. Rae1 hxg5 17. Bxg5 g6 18. Bh6 Nbd7 19. Re3 Rfe8 20. Bxd7 Qxd7 21.
Qxg6 Nh7 22. Bf4 Bf8 23. Rfe1 Rxe3 24. Rxe3 Bg7 25. Bd6 Bf6 26. Ne4 Bxd4 27.
Ng5 Nxg5 28. Re7 Qg4 29. Qh6+ Kg8 30. Qg6+ Kh8 31. Rh7+ Nxh7 32. Qxg4 c5 33.
Qd7 Be4 34. Qe6 Nf6 35. Be7 Ng8 36. Bxc5 Bf6 37. Qxe4 Rd8 38. g3 bxa4 1-0

[Event "Gausdal Classics IM-B"]
[Site "Gausdal NOR"]
[Date "2005.04.19"]
[Round "7.5"]
[White "Arsenault, Nicolas"]
[Black "Siebrecht, Sebastian"]
[Result "0-1"]
[WhiteElo "2159"]
[BlackElo "2438"]
[PlyCount "72"]
[EventDate "2005.04.14"]
[EventType "tourn"]
[EventRounds "9"]
[EventCountry "NOR"]
[EventCategory "2"]
[Source "lmi"]
[SourceDate "2005.04.22"]

1. e4 c5 2. Nf3 e6 3. d4 cxd4 4. Nxd4 a6 5. Bd3 Nf6 6. Nc3 Qc7 7. O-O b5 8. Re1
Bc5 9. e5 Bxd4 10. exf6 Bb7 11. fxg7 Bxg7 12. Qh5 Bxc3 13. bxc3 Qxc3 14. Bf4
Nc6 15. Be4 O-O-O 16. Rad1 f5 17. Bxc6 Qxc6 18. f3 Rhg8 19. Rd3 Qc4 20. Bd2 Bc6
21. Qh6 Rg6 22. Qf4 Rdg8 23. g3 Qxa2 24. Qe5 Kb7 25. Ra1 Qc4 26. Bf4 Rc8 27.
Rda3 Qd5 28. Qe3 Ra8 29. Rd3 Qc4 30. Qe5 Rc8 31. Rda3 d6 32. Qxd6 e5 33. Qxe5
Bd7 34. Rxa6 Rxa6 35. Rd1 Be6 36. Qg7+ Ka8 0-1

[Event "Gausdal Classics IM-B"]
[Site "Gausdal NOR"]
[Date "2005.04.20"]
[Round "8.1"]
[White "Niemi, Kalle"]
[Black "Siebrecht, Sebastian"]
[Result "0-1"]
[WhiteElo "2247"]
[BlackElo "2438"]
[PlyCount "60"]
[EventDate "2005.04.14"]
[EventType "tourn"]
[EventRounds "9"]
[EventCountry "NOR"]
[EventCategory "2"]
[Source "lmi"]
[SourceDate "2005.04.22"]

1. e4 c5 2. Nf3 e6 3. d4 cxd4 4. Nxd4 a6 5. Bd3 Nf6 6. O-O Qc7 7. Qe2 d6 8. c4
Nbd7 9. f4 g6 10. Nc3 Bg7 11. Nf3 O-O 12. Kh1 b6 13. Bd2 Bb7 14. Rac1 Rac8 15.
b4 Qb8 16. Rfd1 Rfe8 17. Be3 e5 18. fxe5 Nxe5 19. Nxe5 Rxe5 20. Bf4 Re6 21. Qd2
Nh5 22. Be3 Bxc3 23. Rxc3 Rce8 24. Bxb6 Bxe4 25. Bxe4 Rxe4 26. Qf2 Re2 27. Qg1
Nf4 28. Rg3 Rxa2 29. Ba7 Qa8 30. Rg4 Ree2 0-1